Malaysia Airlines fleet by picture - Statistics

General Stats
  • This quiz has been taken 70 times
  • The average score is 4 of 5
Answer Stats
Picture Answer % Correct
A380-800
100%
A350-900
96%
A330-300
91%
A330-200
87%
B737-800
74%
No matching quizzes found
Score Distribution
Percent of People with Each Score
Percentile by Number Answered
Your Score History
You have not taken this quiz